[Event "Skara Vastgota op"]
[Site "Skara"]
[Date "2023.02.19"]
[Round "9"]
[White "Eklund, Lars Goran"]
[Black "Saren, Bjorn"]
[Result "1-0"]
[WhiteElo "2158"]
[BlackElo "2014"]
[PlyCount "107"]
[EventDate "2023.02.18"]
[EventType "swiss"]
[EventRounds "9"]
[EventCountry "SWE"]
[SourceTitle "CBM 212 Extra"]
[Source "ChessBase"]
[SourceDate "2023.03.31"]
[SourceVersion "1"]
[SourceVersionDate "2023.03.31"]
[SourceQuality "1"]

1. Nf3 f5 2. e4 fxe4 3. Ng5 e5 4. d3 e3 5. Bxe3 Be7 6. h4 Nf6 7. d4 e4 8. c4 h6 9. Nh3 d5 10. Nf4 0-0 11. Be2 c6 12. Nc3 Kh7 13. Qb3 dxc4 14. Qxc4 b5 15. Qb3 b4 16. Nxe4 Nd5 17. Nxd5 cxd5 18. Ng3 Be6 19. Nh5 Qd6 20. Qc2+ Kg8 21. Qg6 Rf7 22. Bxh6 Bf5 23. Qxd6 Bxd6 24. Be3 Nd7 25. Kd2 Nb6 26. b3 a5 27. Rac1 a4 28. Bd3 axb3 29. axb3 Ra2+ 30. Rc2 Rxc2+ 31. Bxc2 Bxc2 32. Kxc2 Rc7+ 33. Kb2 g6 34. Nf6+ Kf7 35. Ng4 Ke6 36. Re1 Kf5 37. f3 Bg3 38. Re2 Bxh4 39. Bd2 Nd7 40. Bxb4 Bf6 41. Bc3 Bg7 42. Ne3+ Ke6 43. g4 Kd6 44. Bb4+ Kc6 45. Rc2+ Kb7 46. Rxc7+ Kxc7 47. Nxd5+ Kc6 48. Ne7+ Kb5 49. Bc3 g5 50. Kc2 Nb6 51. Kd3 Bf6 52. Ng8 Bg7 53. Ke4 Kc6 54. d5+ 1-0

[Event "Helsingor Xtracon op"]
[Site "Helsingor"]
[Date "2017.07.23"]
[Round "2"]
[White "Holm, Kristian Stuvik"]
[Black "Saren, Bjorn"]
[Result "1-0"]
[WhiteElo "2403"]
[BlackElo "2051"]
[PlyCount "61"]
[EventDate "2017.07.22"]
[EventType "swiss"]
[EventRounds "10"]
[EventCountry "DEN"]
[SourceTitle "CBM 179 Extra"]
[Source "ChessBase"]
[SourceDate "2017.08.23"]
[SourceVersion "1"]
[SourceVersionDate "2017.08.23"]
[SourceQuality "1"]

1. Nf3 f5 2. d3 d6 3. e4 g6 4. exf5 Bxf5 5. d4 Bg7 6. Bd3 Qd7 7. 0-0 Nh6 8. Bxh6 Bxh6 9. Bxf5 Qxf5 10. Re1 Bg7 11. c3 Nd7 12. Qa4 g5 13. h3 h5 14. Nbd2 Bf6 15. Ne4 g4 16. Ng3 Qg6 17. hxg4 hxg4 18. Nh2 0-0-0 19. Re4 Rh4 20. Qd1 Rg8 21. Qe2 e5 22. Re1 d5 23. Rxe5 Nxe5 24. dxe5 Be7 25. Qe3 Rgh8 26. Qxa7 Rxh2 27. Qa8+ Kd7 28. Qxb7 R2h6 29. e6+ Ke8 30. Qc8+ Bd8 31. e7 1-0

[Event "Reykjavik op"]
[Site "Reykjavik"]
[Date "2017.04.27"]
[Round "10"]
[White "Kakulidis, Ellen"]
[Black "Saren, Bjorn"]
[Result "0-1"]
[WhiteElo "1892"]
[BlackElo "2067"]
[PlyCount "116"]
[EventDate "2017.04.19"]
[EventType "swiss"]
[EventRounds "10"]
[EventCountry "ISL"]
[SourceTitle "CBM 178 Extra"]
[Source "ChessBase"]
[SourceDate "2017.06.22"]
[SourceVersion "1"]
[SourceVersionDate "2017.06.22"]
[SourceQuality "1"]

1. Nf3 f5 2. g3 g6 3. Bg2 Bg7 4. d3 d6 5. e4 c6 6. 0-0 Nh6 7. h4 fxe4 8. dxe4 Bg4 9. Qd3 Nd7 10. c3 0-0 11. Ng5 Ne5 12. Qc2 Nhf7 13. Qb3 Qc8 14. Be3 h6 15. Nxf7 Rxf7 16. Nd2 b6 17. Kh2 Be6 18. Qc2 c5 19. f3 Qd7 20. Rad1 Bf6 21. Rf2 g5 22. hxg5 hxg5 23. Rh1 Raf8 24. Kg1 Rg7 25. Bf1 b5 26. b3 a6 27. a4 Qc6 28. Rfh2 Rg6 29. Rh7 Bg7 30. Bg2 Qd7 31. R7h5 Bf6 32. Bf2 Bf7 33. Bh3 g4 34. Bg2 gxf3 35. Nxf3 Nxf3+ 36. Bxf3 Be5 37. Kg2 Be6 38. Qd1 Rxf3 39. Qxf3 Bg4 40. Qe3 Bxh5 41. Rxh5 Qg4 42. Rh1 Qe6 43. axb5 axb5 44. b4 c4 45. Be1 Rg4 46. Rh6 Bf6 47. Kf3 d5 48. exd5 Qf5+ 49. Kg2 Qxd5+ 50. Kh2 Kg7 51. Bd2 Bg5 52. Rh5 Qxd2+ 53. Qxd2 Bxd2 54. Rxb5 Bxc3 55. Rb7 Be5 56. Rxe7+ Kf6 57. Re8 c3 58. Rf8+ Ke7 0-1

[Event "Reykjavik op"]
[Site "Reykjavik"]
[Date "2017.04.26"]
[Round "9"]
[White "Saren, Bjorn"]
[Black "Derakhshani, Dorsa"]
[Result "0-1"]
[WhiteElo "2067"]
[BlackElo "2351"]
[PlyCount "60"]
[EventDate "2017.04.19"]
[EventType "swiss"]
[EventRounds "10"]
[EventCountry "ISL"]
[SourceTitle "CBM 178 Extra"]
[Source "ChessBase"]
[SourceDate "2017.06.22"]
[SourceVersion "1"]
[SourceVersionDate "2017.06.22"]
[SourceQuality "1"]

1. e4 e5 2. f4 exf4 3. Bc4 Qh4+ 4. Kf1 d6 5. d4 Nf6 6. Nf3 Qh6 7. Nc3 Be7 8. e5 Nh5 9. Nd5 Bd8 10. exd6 cxd6 11. Kg1 0-0 12. h3 Be6 13. g4 b5 14. Bb3 Qg6 15. Kh2 f5 16. Rg1 fxg4 17. hxg4 Kh8 18. Qd3 Qf7 19. Qxb5 a6 20. Qc4 Nd7 21. Qc6 Rb8 22. c4 Nhf6 23. Nxf4 Rb6 24. Qa4 Nxg4+ 25. Kg3 g5 26. Nxg5 Bxg5 27. Rf1 h5 28. Nxe6 Qxf1 29. Bxg5 Qf2+ 30. Kh3 Nh2 0-1

[Event "Hasselbacken op"]
[Site "Stockholm"]
[Date "2016.05.08"]
[Round "9"]
[White "Henderson de la Fuente, Lance"]
[Black "Saren, Bjorn"]
[Result "1-0"]
[WhiteElo "2224"]
[BlackElo "2032"]
[PlyCount "65"]
[EventDate "2016.04.30"]
[EventType "swiss"]
[EventRounds "9"]
[EventCountry "SWE"]
[SourceTitle "CBM 172 Extra"]
[Source "ChessBase"]
[SourceDate "2016.06.21"]
[SourceVersion "1"]
[SourceVersionDate "2016.06.21"]
[SourceQuality "1"]

1. e4 c5 2. Nf3 d6 3. d4 cxd4 4. Nxd4 Nf6 5. Nc3 a6 6. h3 e5 7. Nde2 Be7 8. g4 Be6 9. Bg2 h5 10. g5 Nh7 11. h4 g6 12. Nd5 Bxd5 13. Qxd5 Nc6 14. c3 Qa5 15. Qd3 0-0 16. Be3 Qb5 17. Qd2 f6 18. gxf6 Nxf6 19. Bh6 Rfd8 20. 0-0-0 Kh7 21. Rdg1 Qa4 22. Kb1 Nxe4 23. Qe3 Nxf2 24. Qxf2 Kxh6 25. Qe3+ Kh7 26. Be4 Rg8 27. Qf3 Kh6 28. Bxg6 Rxg6 29. Rxg6+ Kxg6 30. Rg1+ Kh6 31. Qf5 Rg8 32. Rxg8 Qd1+ 33. Nc1 1-0